Statistiken für German Soccer /Deutsche Fussballnationalspieler

Klicken Sie hier um das Quiz zu spielen!

Allgemein

  • Dieses Quiz wurde 899 mal gespielt
    (851 seit der letzten Aktualisierung)
  • Das Durchschnittsergebnis liegt bei 13 aus 49

Antwortstatistiken

HintAntwort% Korrekt
1302001 - 2013Klose Miroslav
81%
1042004 - 2013Lahm Philipp
80%
1501980 - 2000Matthäus Lothar
77%
1002004 - 2013Schweinsteiger Bastian
75%
861995 - 2006Kahn Oliver
74%
1031965 - 1977Beckenbauer Franz
68%
1112004 - 2013Podolski Lukas
65%
981999 - 2010Ballack Michael
62%
1081987 - 1998Klinsmann Jürgen
51%
901982 - 1994Völler Rudi
48%
952004 - 2013Mertesacker Per
42%
951976 - 1986Rummenigge Karl Heinz
41%
721954 - 1970Seeler Uwe
40%
951966 - 1979Maier Sepp
39%
861984 - 1994Brehme Andreas
36%
741986 - 1997Sammer Matthias
34%
701996 - 2002Bierhoff Oliver
31%
792001 - 2009Frings Torsten
27%
1051986 - 1998Kohler Jürgen
27%
961967 - 1978Vogts Berti
24%
1011988 - 2000Hässler Thomas
23%
811999 - 2008Schneider Bernd
23%
761979 - 1986Schumacher Harald
22%
851988 - 1999Möller Andreas
20%
1001985 - 2000Kirsten Ulf
19%
822002 - 2011Friedrich Arne
18%
731981 - 1990Littbarski Pierre
17%
691998 - 2008Neuville Oliver
16%
811963 - 1974Overath Wolfgang
16%
761984 - 1994Buchwald Guido
13%
661992 - 2005Wörns Christian
13%
681990 - 1998Helmer Thomas
12%
691987 - 1998Reuter Stefan
12%
721993 - 2004Ziege Christian
12%
691975 - 1983Kaltz Manfred
11%
1021969 - 1984Streich Joachim
11%
811978 - 1986Förster Karl Heinz
9%
721979 - 1986Briegel Hans Peter
7%
1001969 - 1985Dörner Hans Jürgen
6%
661965 - 1974Höttges Horst Dieter
5%
941967 - 1981Croy Jürgen
4%
661959 - 1970Schulz Willi
4%
661973 - 1981Hoffmann Martin
3%
711932 - 1942Janes Paul
3%
741962 - 1976Vogel Eberhard
3%
721967 - 1976Bransch Bernd
2%
671960 - 1975Ducke Peter
2%
661970 - 1981Kurbjuweit Lothar
2%
861970 - 1981Weise Konrad
1%

Verteilung der Resultate

Perzentil nach korrekt beantworteten Fragen

Anzahl Personen mit jedem Resultat

Ihre Resultats-Entwicklung

Sie haben dieses Quiz seit der letzten Aktualisierung nicht gespielt